| 000 | 00458nam a22001457a 4500 | ||
|---|---|---|---|
| 999 |
_c60709 _d60709 |
||
| 005 | 20231011143437.0 | ||
| 008 | 231011s1968 enk||||| |||| 00| 0 eng d | ||
| 041 | _aeng | ||
| 080 | _a069 A-10 | ||
| 245 |
_aA Brief Description of the Principal Monuments / _cthe Egyptian Museum, Cairo. |
||
| 264 |
_aCairo, _c1968. |
||
| 300 |
_a230 p.: _bill.; _c18 cm. |
||
| 653 | _aეგვიპტის მუზეუმის ძეგლები | ||
| 942 |
_2udc _cBK |
||